000 00561nam a22002052 4500
001 0000009572
005 20151217155840.0
008 081111s xx 000 0 eng d
020 _cDonation
040 _aKABU
_cKABU
100 1 _aBurton, Jean.
_@0000161273
245 1 0 _aSir Richard Burton's wife /
_cby Jean Burton.
250 _a1st ed.
260 _aLondon :
_bGeorge G. Harrap,
_c1942.
300 _a230 p.
600 1 0 _aBurton, Isabel.
_@0000149697
908 _a081111
950 _@1
999 _c13170
_d13170